Statystyki dla W jakim państwie leżały te miasta w 1900 roku?

Kliknij tutaj aby rozwiązać quiz!

Ogólne statystyki

  • Ten quiz został rozwiązany 551 razy
  • Średni wynik to 10 z 20

Statystyki odpowiedzi

MiastoPaństwo% Poprawnych
DublinWielka Brytania
81%
HelsinkiImperium Rosyjskie
76%
KłajpedaCesarstwo Niemieckie
75%
Ułan BatorQing/Chiny
67%
SalonikiImperium Osmańskie
66%
MontevideoRepublika Urugwaju
59%
Addis AbebaAbisynia
56%
BangkokSyjam
56%
CarycynImperium Rosyjskie
54%
PodgoricaKsięstwo Czarnogóry
54%
SajgonFrancja
51%
SarajewoImperium Osmańskie
50%
DżakartaKrólestwo Niderlandów
49%
TriestMonarchia Austro-Węgierska
43%
TajpejCesarstwo Japonii
42%
PanamaKolumbia
38%
LuandaKrólestwo Portugalii
31%
MogadiszuKrólestwo Włoch
29%
MonroviaLiberia
25%
WindhukCesarstwo Niemieckie
23%

Rozkład punktacji

Percentyl według liczby udzielonych odpowiedzi

Procent ludzi z każdym wynikiem

Twoja historia wyników

Nie rozwiązałeś tego quizu